Banderas con dos colores - ¡Muerte Súbita! - Estadísticas

Estadísticas generales
  • Esta prueba ha sido intentada 11.167 veces
  • La puntuación promedio es 15 de 26
Answers on the Grid
Answers color-coded by a green-red scale on the quiz's grid according to % correct below.
Albania
Arabia Saudita
Argentina
Austria
Bangladés
Baréin
Botsuana
Canadá
China
Ciudad del Vaticano
Dinamarca
El Salvador
Finlandia
Georgia
Grecia
India
Indonesia
Israel
Japón
Laos
Marruecos
Mónaco
Nigeria
Noruega
Pakistán
Polonia
San Marino
Singapur
Sri Lanka
Suecia
Suiza
Trinidad y Tobago
Túnez
Turquía
Ucrania
Vietnam
 
Estadísticas de respuestas
Respuesta % Correcto
Albania
81%
Canadá
76%
China
76%
Austria
75%
Arabia Saudita
72%
Bangladés
68%
Japón
66%
Grecia
65%
Finlandia
64%
Dinamarca
62%
Israel
62%
Georgia
57%
Indonesia
56%
Marruecos
54%
Polonia
54%
Ucrania
54%
Mónaco
53%
Turquía
53%
Suiza
52%
Suecia
51%
Baréin
50%
Túnez
49%
Nigeria
46%
Vietnam
41%
Pakistán
38%
Singapur
36%
No se encontraron pruebas coincidentes
Distribución de puntuación
Porcentaje de gente con cada puntuación
Porcentaje por número respondido
Historial de tus puntuaciones
No has intentado esta prueba.